000 00202 a2200097 4500
001 14274
100 _aNorris,
245 _aGood English
260 _aBombay
_bD.B Taraporevala
_c
090 _c11184
_d11184
942 _aNUST-CAE
_c
_c1319
999 _c249347
_d249347